| АИС "Историко-культурное наследие Беларуси" | ||
| Базовый | Расширенный | Профессиональный | Словарь персоналий | Тематический словарь | По видам объектов | История запросов Заказы | Регистрация | |
Запись в MARC-формате
| копировать MARC-запись |
=LDR 00000nx\\c2200277\\\45\\
=001 BY-NLB-ar2772025
=005 20160330095630.4
=100 \\$a20080128arusy50\\\\\\ca0
=152 \\$apsbo
=160 \\$ae-bw
=215 \\$aЦерковь в честь Успения Пресвятой Богородицы (Сарья, агрогородок; Верхнедвинский район)
=300 1\$aПостроена в 1852–1857 гг. как костел. В 1865 г. передан православным и преобразован в Свято-Успенскую церковь. В 1989 г. возвращен католикам, но в 1990 г. храм снова передан православным. Памятник архитектуры ретроспективно-готического стиля. Архитектор Г. Шахт.
=356 \\$aНаходится в северной части агрогородка Сарья Верхнедвинского района Витебской области.
=415 \\$aКостел Наисвятейшей Панны Марии (Сарья, агрогородок; Верхнедвинский район)$5a
=415 \\$aСарьевский костел (Верхнедвинский район)$5a
=415 \\$aСарьянский костел (Верхнедвинский район)$5a
=415 \\$aСвято-Успенская церковь (Сарья, агрогородок; Верхнедвинский район)
=415 \\$aУспенская церковь (Сарья, агрогородок; Верхнедвинский район)
=515 \\$5w$3BY-NLB-ar2771992$aЦарква ў гонар Успення Прасвятой Багародзіцы (Сар'я, аграгарадок; Верхнядзвінскі раён)
=801 \0$aBY$bBY-HM0000$c20080128
=810 \\$aТуристская энциклопедия Беларуси. — Минск, 2007.
=810 \\$aКаталіцкія храмы на Беларусі : энцыклапедычны даведнік / А. М. Кулагін. — Мінск, 2000.
=810 \\$aПраваслаўныя храмы Беларусі : энцыклапедычны даведнік / А. М. Кулагін. — Мінск, 2007.
=810 \\$aБеларуская энцыклапедыя. У 18 т. Т. 14. — Мінск, 2002.
=856 4\$uhttp://be.wikipedia.org$zСайт "Вікіпедыя".
=999 \\$f2786$t20080128
Чтобы вернуться назад, щелкните кнопку BACK на Вашем браузере